00571nam a22001577a 4500008004100000017002100041020002200062040001500084041000800099100006900107245006300176250003600239260005500275300001100330500007200341181022b xxu||||| |||| 00| 0 eng d alf20320123633870 a978-980-6129-75-7 aFEVPcFEVP aspa aInstituto Nacional de Nutrición (INN)bMisión Alimentación aTabla de composición de los alimentos (Revisión 2012). aFondo Editorial Gente de Maíz aCaracas-VenezuelabFondo Editorial Gente de Maíz a187 p. aColección Seguridad y Soberanía Alimentaria "Edgar Abreu Olivo"